Az elektronikus kereskedelem fejlődése, trendjei, illetve jövője
| Szerző: | |
|---|---|
| További közreműködők: | |
| Dokumentumtípus: | Projektmunka |
| Kulcsszavak: | e-kereskedelem elektronikus kereskedelem - online kereskedelem internet internet története világháló |
| Online Access: | http://dolgozattar.uni-bge.hu/59789 |
MARC
| LEADER | 00000nnm a2200000 i 4500 | ||
|---|---|---|---|
| 001 | dolg59789 | ||
| 005 | 20260409145551.0 | ||
| 008 | 260409suuuu hu o 000 hun d | ||
| 040 | |a BGE Dolgozattár Repozitórium |b hun | ||
| 041 | |a hu | ||
| 100 | 1 | |a Mikitovics Marcell | |
| 245 | 1 | 3 | |a Az elektronikus kereskedelem fejlődése, trendjei, illetve jövője |c Mikitovics Marcell |h [elektronikus dokumentum] |
| 516 | |a Project_work | ||
| 520 | 3 | |a A projektmunkámban az online kereskedelem történetét és fejlődését fogom bemutatni. A hétköznapi ember ma már el sem tudná képzelni az életét az online kereskedelem nélkül. Célom, hogy megismertessem az olvasóval az online kereskedelem világát, valamint feltárjam, miként vált a mindennapok elengedhetetlen részévé, és milyen út vezetett idáig. Szót ejtek olyan vállalatokról, amelyek meghatározó szerepet játszottak az e-kereskedelem történetében, továbbá kitérek a COVID–19 járvány hatásaira is. Emellett bemutatom az aktuális, valamint a jövőbeli lehetséges trendeket. A projektmunkám megalapozása érdekében kérdőívet készítettem, amely lehetőséget adott arra, hogy első kézből származó adatokat gyűjtsek a fogyasztók jelenlegi szokásairól, preferenciáiról és motivációiról. A kérdőív segítségével különböző társadalmi és demográfiai csoportok véleményét is megismerhettem, ami hozzájárul a téma átfogóbb és hitelesebb elemzéséhez. | |
| 695 | |a e-kereskedelem | ||
| 695 | |a elektronikus kereskedelem - online kereskedelem | ||
| 695 | |a internet | ||
| 695 | |a internet története | ||
| 695 | |a világháló | ||
| 700 | 1 | |a Békési Gábor György |e ths | |
| 856 | 4 | 0 | |u http://dolgozattar.uni-bge.hu/59789/1/Projektmunka%20Mikitovics%20Marcell%201v%C3%A9gleges.pdf |z Dokumentum-elérés |
| 856 | 4 | 0 | |u http://dolgozattar.uni-bge.hu/59789/2/Biralat_Mikitovics%20Marcell.pdf |z Dokumentum-elérés |